Brasil: Agenda estratégica para o setor agropecuário /

Salvato in:
Dettagli Bibliografici
Enti autori: Instituto Interamericano de Cooperación para la Agricultura (Costa Rica), Ministerio de Agricultura de Reforma Agraria (MARA)
Natura: Libro
Lingua:Portuguese
Pubblicazione: Brasil: Instituto Interamericano de Cooperación para la Agricultura, 1992
Tags: Aggiungi Tag
Nessun Tag, puoi essere il primo ad aggiungerne!!

MARC

LEADER 00000nam a22000007a 4500
003 cru CIDCACS/IIS
005 20240705144508.0
008 240704b1992 bl ||||| |||| 00| 0 por d
020 |a [Sin ISBN] 
040 |a cru CIDCACS/IIS  |b spa  |c cru CIDCACS/IIS 
090 |a 07.01.02 I59br 
110 2 |a Instituto Interamericano de Cooperación para la Agricultura (Costa Rica)  |9 117 
245 1 |a Brasil:   |b Agenda estratégica para o setor agropecuário /  |c Instituto Interamericano de Cooperación para la Agricultura   |h [impreso] 
260 |a Brasil:  |b Instituto Interamericano de Cooperación para la Agricultura,   |c 1992 
300 |a 97 páginas 
650 0 7 |0 TESAUROS  |2 TESAUROS 
710 1 |a Ministerio de Agricultura de Reforma Agraria (MARA)  |9 12222 
942 |2 z  |c LI  |h <script>document.querySelector('[id^="tag_090_subfield_a"]').value</script>  |i 16438  |k 07.01.02   |m I59br  |6 SCRIPTDOCUMENTQUERYSELECTORIDTAG_090_SUBFIELD_AVALUESCRIPT_16438 
999 |c 45866  |d 45866